[Event "21st Open"]
[Site "Reykjavik ISL"]
[Date "2004.03.09"]
[Round "3"]
[White "Sedlak,N"]
[Black "Vidarsson,J"]
[Result "1-0"]
[WhiteElo "2539"]
[BlackElo "2333"]
[EventDate "2004.03.07"]

1. e4 c5 2. Nf3 e6 3. c4 d6 4. d4 cxd4 5. Nxd4 Nf6 6. Nc3 Be7 7. Be3 a6 8.
Be2 Nbd7 9. O-O O-O 10. a4 Qc7 11. a5 Ne5 12. b3 Bd7 13. f4 Nc6 14. Nxc6
Bxc6 15. Bf3 Rac8 16. Qb1 g6 17. Rc1 Ne8 18. Nd5 Qd8 19. Bb6 Qd7 20. Nxe7+
Qxe7 21. Qd3 f5 22. e5 dxe5 23. Bxc6 Rxc6 24. fxe5 f4 25. Rf1 Ng7 26. Rad1
Qb4 27. Qf3 Qe7 28. Rd4 g5 29. Rfd1 Qe8 30. Rd7 Qg6 31. Rxb7 Rcc8 32. Rdd7
Nf5 33. Rxh7 Rb8 34. Rxb8 Rxb8 35. Rd7 Rf8 36. h3 Ng3 37. Qd3 Qh5 38. Rd8
Rxd8 39. Qxd8+ Kh7 40. Qd3+ Kg8 41. Bf2 1-0

[Event "21st Open"]
[Site "Reykjavik ISL"]
[Date "2004.03.09"]
[Round "3"]
[White "Stefansson,H"]
[Black "Thorsteinsson,E"]
[Result "1-0"]
[WhiteElo "2572"]
[BlackElo "2138"]
[EventDate "2004.03.07"]

1. d4 d5 2. c4 dxc4 3. Nf3 a6 4. e3 Nf6 5. Bxc4 e6 6. O-O b5 7. Bd3 Bb7 8.
Qe2 Nbd7 9. a4 b4 10. e4 Be7 11. Bg5 O-O 12. Nbd2 c5 13. e5 Nd5 14. Qe4 g6
15. Qh4 Bxg5 16. Nxg5 h5 17. f4 f5 18. Qf2 Qe7 19. Nb3 cxd4 20. Qxd4 Rfd8
21. Be2 Rac8 22. Rac1 N7b6 23. Rxc8 Bxc8 24. a5 Nc3 25. Qf2 Nxe2+ 26. Qxe2
Nd5 27. Qf2 Bd7 28. Rc1 Bb5 29. Nd4 Nc7 30. Nxb5 Nxb5 31. Qb6 Nd4 32. Kf2
Qd7 33. Rd1 Qc8 34. Rxd4 Qc2+ 35. Kg3 h4+ 36. Kh3 Qb3+ 37. Kxh4 Rf8 38. Qb7
1-0

[Event "21st Open"]
[Site "Reykjavik ISL"]
[Date "2004.03.09"]
[Round "3"]
[White "Bergsson,Sn"]
[Black "Miezis,N"]
[Result "0-1"]
[WhiteElo "2270"]
[BlackElo "2525"]
[EventDate "2004.03.07"]

1. e4 c5 2. Nf3 e6 3. d4 cxd4 4. Nxd4 a6 5. Nc3 Qc7 6. Bd3 Nc6 7. Be3 Nf6
8. O-O h5 9. h3 Bd6 10. f4 Nxd4 11. e5 Bc5 12. exf6 Nf5 13. Bxf5 Bxe3+ 14.
Kh1 gxf6 15. Ne4 Rh6 16. Qd3 Ba7 17. Qg3 Kf8 18. Bh7 Rxh7 19. Nxf6 Rh8 20.
Rad1 d5 21. Qg5 Qe7 22. Rd3 h4 23. Re1 d4 24. f5 Bb6 25. Re4 Qc5 26. Nh7+
Rxh7 27. Rg4 Qxf5 28. Qg8+ Ke7 29. Rf3 Qxc2 30. Qg5+ Kd6 0-1

[Event "21st Open"]
[Site "Reykjavik ISL"]
[Date "2004.03.09"]
[Round "3"]
[White "Steindorsson,S"]
[Black "Romanishin,O"]
[Result "0-1"]
[WhiteElo "2218"]
[BlackElo "2537"]
[EventDate "2004.03.07"]

1. c4 e5 2. Nc3 Nf6 3. g3 d5 4. cxd5 Nxd5 5. Bg2 Nb6 6. Nf3 Nc6 7. O-O Be7
8. Rb1 a5 9. b3 O-O 10. Bb2 Bg4 11. d3 Qd7 12. Nd2 Bh3 13. Nc4 Bxg2 14.
Kxg2 Rad8 15. Na4 Nd5 16. e4 Ndb4 17. Nxe5 Nxe5 18. Bxe5 Nxd3 19. Ba1 f5
20. Qe2 b5 21. Nc3 b4 22. Na4 Bf6 23. Bxf6 Rxf6 24. Rbd1 Rd6 25. Nb2 fxe4
26. Nxd3 exd3 27. Qe5 Rd5 28. Qe4 d2 29. Qc4 Kh8 30. f3 h6 31. Rf2 c6 32.
h4 Qd6 33. Qe4 Rd4 34. Qc2 c5 35. Qb2 Qd5 36. Qc2 a4 37. Qb2 axb3 38. axb3
Rd3 39. Qc2 Qd4 0-1

[Event "21st Open"]
[Site "Reykjavik ISL"]
[Date "2004.03.09"]
[Round "3"]
[White "Pedersen,NV"]
[Black "Sutovsky,E"]
[Result "1/2-1/2"]
[WhiteElo "2510"]
[BlackElo "2666"]
[EventDate "2004.03.07"]

1. Nf3 Nf6 2. c4 g6 3. Nc3 Bg7 4. e4 d6 5. d4 O-O 6. Be2 e5 7. d5 a5 8. h3
Nfd7 9. g4 Nc5 10. Be3 Nba6 11. Rg1 Kh8 12. Qd2 f5 13. Bg5 Bf6 14. Bh6 Nxe4
15. Nxe4 fxe4 16. Ng5 Nc5 17. Qe3 Bg7 18. Bxg7+ Kxg7 19. Nxe4 Nxe4 20. Qxe4
Rf4 21. Qe3 b6 22. Rg3 Ba6 23. Rf3 Qf6 24. Rc1 Rxf3 25. Qxf3 Qg5 26. Qe3
Qxe3 27. fxe3 Rf8 28. b3 Bc8 29. a3 Kf6 30. h4 Ke7 31. b4 axb4 32. axb4 Bb7
33. Ra1 Kd7 1/2-1/2

[Event "21st Open"]
[Site "Reykjavik ISL"]
[Date "2004.03.09"]
[Round "3"]
[White "Zatonskih,A"]
[Black "Ptacnikova,L"]
[Result "1-0"]
[WhiteElo "2436"]
[BlackElo "2214"]
[EventDate "2004.03.07"]

1. e4 c5 2. Nf3 Nc6 3. d4 cxd4 4. Nxd4 Nf6 5. Nc3 e6 6. Ndb5 Bb4 7. a3
Bxc3+ 8. Nxc3 d5 9. Bd3 d4 10. Ne2 e5 11. O-O O-O 12. Ng3 Re8 13. h3 Be6
14. Qe2 Rc8 15. b4 a6 16. Bd2 Nb8 17. f4 b5 18. a4 Bc4 19. axb5 axb5 20.
Qf2 Nfd7 21. Nf5 Qb6 22. Qg3 g6 23. Nh6+ Kg7 24. Ng4 Nc6 25. f5 Nd8 26. Qh4
Bxd3 27. cxd3 Kg8 28. Bg5 h5 29. fxg6 fxg6 30. Nf6+ Nxf6 31. Bxf6 Nf7 32.
g4 hxg4 33. Qxg4 Kh7 34. Qh4+ Kg8 35. Ra2 Re6 36. Rg2 Rcc6 37. Rxg6+ Kf8
38. Kh1 Ke8 39. Rg8+ Kd7 40. Rg7 Ke8 41. Rxf7 1-0

[Event "21st Open"]
[Site "Reykjavik ISL"]
[Date "2004.03.09"]
[Round "3"]
[White "Pokorna,Reg"]
[Black "Kjartansson,G"]
[Result "1-0"]
[WhiteElo "2390"]
[BlackElo "2162"]
[EventDate "2004.03.07"]

1. e4 c5 2. Nf3 Nc6 3. d4 cxd4 4. Nxd4 Nf6 5. Nc3 e5 6. Ndb5 d6 7. Bg5 a6
8. Na3 b5 9. Bxf6 gxf6 10. Nd5 f5 11. c3 Bg7 12. exf5 Bxf5 13. Nc2 O-O 14.
Nce3 Be6 15. Bd3 f5 16. O-O Ne7 17. Nxe7+ Qxe7 18. Bxf5 Bxf5 19. Nxf5 Qe6
20. Ne3 Rac8 21. Qb3 Qf7 22. Rfd1 Rfd8 23. Qxf7+ Kxf7 24. a4 bxa4 25. Rxa4
Rc6 26. Rb4 Rd7 27. c4 Rdc7 28. g3 Bh6 29. Nf5 Bf8 30. Rb8 Rxc4 31. Nxd6+
Bxd6 32. Rxd6 R4c6 33. Rb6 Rxd6 34. Rxd6 Rb7 35. Rxa6 Rxb2 36. h4 Rc2 37.
h5 Kg7 38. Re6 Rc5 39. Kg2 Kf7 40. Ra6 Kg7 41. f3 e4 42. h6+ Kf7 43. fxe4
Rc3 44. Kf2 Rb3 45. g4 Rc3 46. g5 Rc5 47. Rf6+ Ke7 48. Rf5 Rc3 49. Rf3 Rc4
50. Ke3 Rc5 51. Kf4 Rc6 52. Ra3 1-0

[Event "21st Open"]
[Site "Reykjavik ISL"]
[Date "2004.03.09"]
[Round "3"]
[White "Hardarson,R"]
[Black "Bergsson,St"]
[Result "1-0"]
[WhiteElo "2307"]
[BlackElo "2036"]
[EventDate "2004.03.07"]

1. e4 c5 2. Nf3 e6 3. d4 cxd4 4. Nxd4 a6 5. Nc3 b5 6. Bd3 Bb7 7. O-O Qc7 8.
Kh1 Nc6 9. Nb3 Nf6 10. Bg5 Be7 11. f4 d6 12. Qf3 Rc8 13. Rae1 O-O 14. Qh3
Nb4 15. Re3 Nxd3 16. cxd3 b4 17. Nd1 Ne8 18. Qg4 f5 19. Qh4 Bxg5 20. fxg5
Qd7 21. Rfe1 fxe4 22. dxe4 e5 23. Rh3 g6 24. Ne3 Rf4 25. Qh6 Bxe4 26. Rh4
Rxh4 27. Qxh4 Bf5 28. Rd1 a5 29. h3 a4 30. Nd2 b3 31. axb3 axb3 32. Ndc4
Qc6 33. Nxf5 gxf5 34. Ne3 Ng7 35. Nd5 Qc2 36. Re1 Rc4 37. Nf6+ Kf7 38. Qxh7
f4 39. Qg8+ Kg6 40. Ne8 Rc7 41. Nxc7 Qxc7 42. h4 Qb7 43. Rd1 f3 44. Rxd6+
Kh5 45. Rf6 fxg2+ 46. Kh2 Qe4 47. Qh8+ Kg4 48. Qc8+ Kxh4 49. Qh3+ Kxg5 50.
Qh6+ 1-0

[Event "21st Open"]
[Site "Reykjavik ISL"]
[Date "2004.03.09"]
[Round "3"]
[White "Halldorsson,Br"]
[Black "Bromann,T"]
[Result "1/2-1/2"]
[WhiteElo "2211"]
[BlackElo "2371"]
[EventDate "2004.03.07"]

1. d4 Nf6 2. c4 e6 3. Nc3 Bb4 4. Qc2 O-O 5. Bg5 c5 6. e3 b6 7. Bd3 h6 8.
Bh4 Bb7 9. f3 cxd4 10. exd4 d5 11. Nge2 dxc4 12. Bxc4 Nbd7 13. O-O Rc8 14.
Bb3 Be7 15. Rad1 b5 16. Qd3 b4 17. Ne4 Qa5 18. Rfe1 Rfd8 19. Qb1 g5 20. Bf2
Nf8 21. N2g3 Bd5 22. Nxf6+ Bxf6 23. Ne4 Bg7 24. h4 Bxb3 25. axb3 Rd5 26.
hxg5 hxg5 27. Rc1 Rxc1 28. Qxc1 Qd8 29. Be3 Bxd4 30. Bxd4 Rxd4 31. Nxg5 Qb6
32. Kh1 Ng6 33. Ne4 Kg7 34. Qg5 e5 35. g3 Rd3 36. f4 exf4 37. gxf4 Qd8 38.
Qxd8 Rxd8 39. f5 Rh8+ 40. Kg1 Nh4 41. Ra1 Re8 42. Nd6 Rd8 43. Ra6 Rd7 44.
Nc8 Nxf5 45. Ra4 Rb7 46. Nxa7 Ne7 47. Kf2 Kf6 48. Ra5 Rb6 49. Rc5 Ra6 50.
Nb5 Ra2 51. Nd4 Rxb2+ 52. Ke1 Ng6 53. Rf5+ Kg7 54. Kd1 f6 1/2-1/2

[Event "21st Open"]
[Site "Reykjavik ISL"]
[Date "2004.03.09"]
[Round "3"]
[White "Thorhallsson,T"]
[Black "Lehikoinen,P"]
[Result "1-0"]
[WhiteElo "2459"]
[BlackElo "2234"]
[EventDate "2004.03.07"]

1. e4 c5 2. Nf3 d6 3. d4 cxd4 4. Nxd4 Nf6 5. Nc3 a6 6. Bc4 e6 7. Bb3 b5 8.
f3 Be7 9. Be3 Qc7 10. g4 O-O 11. Qd2 Bd7 12. Nce2 Nc6 13. g5 Nxd4 14. Bxd4
Ne8 15. h4 e5 16. Be3 Be6 17. h5 Qd7 18. Nc3 Bxb3 19. axb3 Nc7 20. O-O-O
Rfb8 21. g6 Qe6 22. f4 fxg6 23. hxg6 hxg6 24. f5 gxf5 25. exf5 Qf7 26. Qh2
Kf8 27. Qg2 Kg8 28. Qh3 Kf8 29. Qg4 Ke8 30. Ne4 Nd5 31. Rxd5 Qxd5 32. f6
Bxf6 33. Nxf6+ gxf6 34. Rh8+ Ke7 35. Rh7+ Qf7 36. Rxf7+ Kxf7 37. Qd7+ Kg6
38. Qxd6 Rh8 39. Qd3+ Kg7 40. Qd7+ Kg6 41. Qg4+ Kf7 42. c4 Rh1+ 43. Kc2
Rah8 44. c5 R8h2+ 45. Bd2 Re1 46. c6 e4 47. Qd7+ Kg6 48. Kc3 Ree2 49. c7
b4+ 50. Kxb4 Rxd2 51. Qg4+ 1-0

[Event "21st Open"]
[Site "Reykjavik ISL"]
[Date "2004.03.09"]
[Round "3"]
[White "Maze,S"]
[Black "Kjartansson,D"]
[Result "1/2-1/2"]
[WhiteElo "2462"]
[BlackElo "2267"]
[EventDate "2004.03.07"]

1. e4 c5 2. Nf3 Nc6 3. Bb5 Na5 4. c3 a6 5. Ba4 b5 6. Bc2 d6 7. h3 Qc7 8. d4
e5 9. O-O Nf6 10. Re1 Be7 11. Nbd2 O-O 12. Nf1 Re8 13. Ng3 h6 14. d5 c4 15.
Be3 Nb7 16. Qd2 Bf8 17. Nh4 Nc5 18. b4 cxb3 19. axb3 Bd7 20. Nhf5 Bxf5 21.
Bxc5 Qxc5 22. b4 Qc7 23. Nxf5 Rec8 24. Ra3 Nd7 25. Rea1 Qb7 26. Bd3 Nb6 27.
Ne3 Be7 28. Qc2 g6 29. Qa2 Bg5 30. Nd1 Qd7 31. Qb1 Qb7 32. Qa2 Qe7 33. Qb3
Qb7 34. Nb2 Bd2 35. Qc2 Bg5 36. Qe2 h5 37. Rb3 Qc7 38. Rba3 Qb7 39. Kf1 Kg7
40. g3 Rc7 41. h4 Bh6 42. c4 bxc4 43. Bxc4 Nxc4 44. Nxc4 Qxb4 45. Ra4 Qc5
46. Na5 Qc3 47. Nc6 Rb7 48. R4a3 Qc5 49. Kg2 a5 50. Rxa5 Rxa5 51. Nxa5 Rb5
52. Nc6 1/2-1/2

[Event "21st Open"]
[Site "Reykjavik ISL"]
[Date "2004.03.09"]
[Round "3"]
[White "Bjarnason,S"]
[Black "Hagesaether,E"]
[Result "1-0"]
[WhiteElo "2329"]
[BlackElo "2194"]
[EventDate "2004.03.07"]

1. c4 g6 2. Nc3 Bg7 3. g3 d6 4. Bg2 e5 5. Nf3 f5 6. d3 Nf6 7. Rb1 a5 8. a3
O-O 9. b4 axb4 10. axb4 h6 11. Bb2 g5 12. Ra1 Rxa1 13. Qxa1 Na6 14. Qa3 e4
15. dxe4 fxe4 16. Nd2 e3 17. fxe3 Ng4 18. Nd1 Qe7 19. Bxg7 Kxg7 20. Bf3 Re8
21. e4 Qe5 22. Bxg4 Bxg4 23. Nf2 Be6 24. O-O Qd4 25. Qd3 Qxd3 26. Nxd3 Bg4
27. Kf2 Rf8+ 28. Ke3 Rxf1 29. Nxf1 Kf6 30. Nd2 Nb8 31. Nf3 Nd7 32. Kd4 Ke6
33. Kc3 c5 34. b5 b6 35. Nf2 Bh5 36. Nd1 Bg6 37. Kd3 Bh5 38. Ke3 Nf6 39.
Nc3 Ng4+ 40. Kd2 Nf6 41. Kd3 Bg6 42. Nd2 Ke5 43. Nf3+ Ke6 44. Nd2 Ke5 45.
Na4 Nd7 46. Nf3+ Ke6 47. h3 Kf6 48. Ke3 Bf7 49. Nd2 Ke5 50. Nc3 Kf6 51.
Nd5+ Kg6 52. Nf3 Be6 53. h4 Kh5 54. hxg5 hxg5 55. e5 Bxd5 56. cxd5 dxe5 57.
Ke4 c4 58. Kf5 c3 59. g4+ Kh6 60. Ne1 Kg7 61. Ke6 Nc5+ 62. Kxe5 Kf7 63. Kd4
Kf6 64. Kxc3 Ne4+ 65. Kd4 Nd6 66. Nf3 Nxb5+ 67. Kd3 Nd6 68. e4 Nf7 69. Kd4
Nh6 70. e5+ Ke7 71. Nxg5 Nxg4 72. Ne4 b5 73. Nc5 b4 74. d6+ Kd8 75. e6 Nf6
76. Ke5 Ng4+ 77. Kd5 Nf6+ 78. Kc6 Kc8 79. d7+ 1-0

[Event "21st Open"]
[Site "Reykjavik ISL"]
[Date "2004.03.09"]
[Round "3"]
[White "Bjornsson,S"]
[Black "Ingolfsdottir,H"]
[Result "1/2-1/2"]
[WhiteElo "2337"]
[BlackElo "2051"]
[EventDate "2004.03.07"]

1. e4 e6 2. d4 d5 3. Nc3 Nf6 4. Bg5 dxe4 5. Nxe4 Be7 6. Bxf6 gxf6 7. Nf3 b6
8. Bc4 Bb7 9. Ng3 c6 10. Qe2 Qc7 11. O-O-O Nd7 12. Ba6 O-O-O 13. Kb1 Bxa6
14. Qxa6+ Kb8 15. Rhe1 h5 16. Nh4 Bd6 17. Qe2 f5 18. c4 Be7 19. Nhxf5 Bb4
20. Ne3 Bxe1 21. Rxe1 h4 22. Ngf1 Qf4 23. Nc2 Nf6 24. Nfe3 Qe4 25. Ka1 Rh5
26. a3 Rg5 27. Nb4 Kb7 28. Qd1 Rxd4 29. Qc1 Qf4 30. g3 hxg3 31. fxg3 Qd6
32. Ned5 Rg6 33. Nf4 Rg7 34. Qc3 Ne8 35. Ka2 Rd2 36. Nfd3 Rxh2 37. c5 Qc7
38. cxb6 axb6 39. Ne5 Rg2 40. Nexc6 R7xg3 41. Qc4 Kc8 42. Rd1 Nd6 43. Qf4
e5 44. Nxe5 Rxb2+ 45. Kxb2 Qc3+ 46. Kb1 Qb3+ 47. Kc1 Qxa3+ 48. Kd2 Qb2+ 49.
Nc2 Qxe5 50. Qxe5 Nc4+ 51. Ke2 Nxe5 52. Nb4 Kb7 53. Rd5 f6 54. Rd6 Re3+ 55.
Kf1 Rf3+ 56. Ke2 Rb3 57. Nd5 Rb2+ 58. Kd1 f5 59. Rf6 Rb1+ 60. Kc2 Rb5 61.
Nxb6 1/2-1/2

[Event "21st Open"]
[Site "Reykjavik ISL"]
[Date "2004.03.09"]
[Round "3"]
[White "Gunnarsson,J"]
[Black "Erenburg,S"]
[Result "0-1"]
[WhiteElo "2376"]
[BlackElo "2523"]
[EventDate "2004.03.07"]

1. e4 c6 2. d4 d5 3. Nd2 dxe4 4. Nxe4 Nd7 5. Bc4 Ngf6 6. Nxf6+ Nxf6 7. c3
Qc7 8. Ne2 e6 9. Bf4 Bd6 10. Qd2 b6 11. a4 Bb7 12. O-O O-O 13. Bxd6 Qxd6
14. Qf4 Qe7 15. Ng3 c5 16. Rfe1 cxd4 17. Qxd4 Qc7 18. Bb3 Rad8 19. Qc4 Qb8
20. Qe2 Qa8 21. f3 h5 22. Bc2 h4 23. Ne4 Nxe4 24. fxe4 Qc8 25. Qe3 Qc7 26.
Rad1 Rxd1 27. Rxd1 Rd8 28. Rxd8+ Qxd8 29. Qf4 Bc6 30. Kf2 e5 31. Qe3 Qf6+
32. Qf3 Qh6 33. Qe3 Qf6+ 34. Qf3 Qe6 35. Qd3 Kh7 36. b3 Qg6 37. Qf3 Qg5 38.
Qe3 Kh6 39. Bd3 g6 40. h3 Qxe3+ 41. Kxe3 f5 42. a5 bxa5 43. exf5 Bxg2 44.
fxg6 Bxh3 45. c4 Bg2 46. Bf5 Kg7 47. c5 Bc6 48. Kd3 Kf6 49. Ke3 Kg7 50. Kd3
Kf6 51. Ke3 Bd5 52. Bd7 Bxb3 53. c6 Ke7 54. Kd3 Bd5 55. g7 Kd6 56. Bf5 a4
57. Kc3 a3 58. Be4 Bf7 0-1

[Event "21st Open"]
[Site "Reykjavik ISL"]
[Date "2004.03.10"]
[Round "4"]
[White "Rogers,I"]
[Black "Atalik,S"]
[Result "1/2-1/2"]
[WhiteElo "2582"]
[BlackElo "2554"]
[EventDate "2004.03.07"]

1. e4 e5 2. Nc3 Nf6 3. f4 d5 4. fxe5 Nxe4 5. d3 Nxc3 6. bxc3 d4 7. Nf3 Nc6
8. Be2 Be7 9. O-O O-O 10. Bb2 Bc5 11. Kh1 Re8 12. cxd4 Bxd4 13. Nxd4 Nxd4
14. Bh5 g6 15. Qd2 c5 16. Bf3 Rxe5 17. Rab1 Be6 18. Bxd4 cxd4 19. Rxb7 Qa5
20. Qf2 Rd8 21. Qh4 Bxa2 22. Rxa7 Qxa7 23. Qxd8+ Kg7 24. h3 Qc5 25. Be4 Re7
26. Ra1 Ra7 27. Qb8 Qc3 1/2-1/2

[Event "21st Open"]
[Site "Reykjavik ISL"]
[Date "2004.03.10"]
[Round "4"]
[White "Handke,F"]
[Black "Hillarp Persson,T"]
[Result "0-1"]
[WhiteElo "2459"]
[BlackElo "2530"]
[EventDate "2004.03.07"]

1. e4 c5 2. Nf3 d6 3. d4 cxd4 4. Nxd4 Nf6 5. Nc3 a6 6. Be3 e6 7. f3 b5 8.
g4 Nfd7 9. Qd2 Nb6 10. O-O-O N8d7 11. Ndxb5 axb5 12. Nxb5 Ba6 13. Nxd6+
Bxd6 14. Qxd6 Bxf1 15. Bxb6 Qg5+ 16. f4 Qb5 17. Rhxf1 Nxb6 18. b3 Nd7 19.
f5 Nc5 20. a4 Nxe4 21. Qd4 Qc6 22. Qxg7 Qc3 23. Qd4 Qxd4 24. Rxd4 Nc5 25.
Rc4 Nd7 26. Rc7 Kd8 27. Rc6 Rc8 28. Rxc8+ Kxc8 29. fxe6 fxe6 30. Rf7 Kc7
31. g5 h6 32. gxh6 Rxh6 33. Rf2 Ne5 34. a5 Nc6 35. Rf7+ Kd6 36. a6 Rxh2 37.
Rb7 Rh8 38. b4 Ra8 39. b5 Na5 40. Rh7 Nc4 41. a7 Kc5 42. Rb7 e5 43. Kd1 e4
44. Ke2 Nd6 45. Rd7 Nxb5 46. Ke3 Nd6 47. c4 Rh8 48. Rc7+ Kb6 49. Rd7 Kc6
50. Rh7 Re8 51. Kf4 Rf8+ 52. Ke3 Re8 53. Kf4 Kc5 54. Re7 Rf8+ 55. Ke5 e3
56. Rc7+ Kb6 57. Rh7 e2 58. c5+ Kxc5 59. Rc7+ Kb6 60. Rc1 Kxa7 61. Re1 Nb5
62. Ke4 Rf1 0-1

[Event "21st Open"]
[Site "Reykjavik ISL"]
[Date "2004.03.10"]
[Round "4"]
[White "Romanishin,O"]
[Black "Krasenkow,M"]
[Result "1/2-1/2"]
[WhiteElo "2537"]
[BlackElo "2609"]
[EventDate "2004.03.07"]

1. d4 d5 2. c4 e6 3. Nf3 Nf6 4. g3 dxc4 5. Bg2 Nc6 6. Qa4 Bb4+ 7. Bd2 Nd5
8. Bxb4 Ndxb4 9. O-O Rb8 10. Nc3 a6 11. Ne5 O-O 12. Nxc6 Nxc6 13. Bxc6 bxc6
14. Qxc4 Rxb2 15. Rab1 Rb6 16. Qc5 Re8 17. a4 e5 18. dxe5 Bf5 19. Rbd1 Qc8
20. Rd4 h6 21. Rfd1 Kh7 22. Qc4 Be6 23. Qd3+ Bf5 24. Qc4 Be6 25. Qc5 Bh3
26. Ne4 Qf5 27. Nd6 Rxe5 28. Qxb6 cxb6 29. Nxf5 Bxf5 30. R1d2 Rc5 31. f3 a5
32. Rd8 Be6 33. Ra8 Rc4 34. Rb2 Rxa4 35. Rxb6 Ra2 36. Kf2 Bc4 37. Re8 a4
38. Re3 Bb5 39. Rb7 Kg6 40. g4 Kf6 41. h4 g5 42. hxg5+ hxg5 43. Rd7 Rb2 44.
Rd4 Kg7 45. Rde4 Kf6 46. Re5 a3 47. Rf5+ Kg6 48. Rxa3 Rxe2+ 49. Kg3 Bc4 50.
Ra8 f6 51. Rd8 Be6 52. Ra5 Bd5 53. Ra3 Re7 54. Kf2 Kg7 55. Rda8 Kg6 56.
R3a7 Rxa7 57. Rxa7 f5 58. Ra8 f4 59. Rd8 Kf6 60. Rd6+ Kf7 61. Rh6 Kg7 62.
Rh3 Kg6 63. Ke2 Kf6 64. Kd3 Ke5 65. Kc3 Ke6 66. Kd4 Kf6 67. Rh6+ Kg7 68.
Rh3 Kf6 69. Kd3 Ke5 70. Ke2 Kf6 71. Rh6+ Kg7 72. Rh2 Kg6 73. Rf2 Kf6 74.
Kd3 Ke5 75. Kc3 Ke6 76. Kd4 Kf6 77. Rf1 1/2-1/2

[Event "21st Open"]
[Site "Reykjavik ISL"]
[Date "2004.03.10"]
[Round "4"]
[White "Thorarinsson,P"]
[Black "Thorsteinsson,E"]
[Result "1/2-1/2"]
[WhiteElo "2278"]
[BlackElo "2138"]
[EventDate "2004.03.07"]

1. Nf3 e6 2. c4 b6 3. Nc3 Bb7 4. d4 f5 5. a3 Nf6 6. d5 Be7 7. g3 O-O 8. Bg2
Na6 9. b4 Ne4 10. Bb2 Bf6 11. Rc1 c5 12. dxc6 dxc6 13. Qb3 c5 14. O-O Qe7
15. b5 Nc7 16. Nxe4 Bxe4 17. a4 e5 18. Ne1 Bxg2 19. Nxg2 Ne6 20. Ne3 Nd4
21. Qd1 Bg5 22. Nd5 Qe6 23. f4 exf4 24. Bxd4 cxd4 25. gxf4 Bf6 26. Rf3 Rad8
27. e3 Qe4 28. exd4 Bxd4+ 29. Kf1 Rd6 30. Qe2 Re8 31. Qxe4 Rxe4 32. a5 Rde6
33. axb6 axb6 34. Rd1 Bc5 35. Nc7 Re7 36. Na6 Bd4 37. Nb4 R7e6 38. Nc6 Bc5
39. Rd8+ Kf7 40. Ne5+ Kf6 41. Rd7 Re7 42. Rd5 Ke6 43. Rd8 Ra7 44. Kg2 Ra2+
45. Kg3 Ree2 46. Re8+ Be7 47. Rd3 Rg2+ 48. Kf3 Rxh2 49. Ke3 Rh3+ 50. Kd4
Rxd3+ 51. Nxd3 Kd7 52. Rh8 h6 53. Ne5+ Kc7 54. Kd5 Rd2+ 55. Ke6 Rd8 56. Rh7
Bf6 57. Kxf5 Rf8 58. Ke6 Re8+ 59. Kd5 Rd8+ 1/2-1/2

[Event "21st Open"]
[Site "Reykjavik ISL"]
[Date "2004.03.10"]
[Round "4"]
[White "Pogorelov,R"]
[Black "Markus,R"]
[Result "1/2-1/2"]
[WhiteElo "2451"]
[BlackElo "2527"]
[EventDate "2004.03.07"]

1. Nf3 Nf6 2. c4 c5 3. Nc3 e6 4. g3 b6 5. Bg2 Bb7 6. O-O Be7 7. b3 O-O 8.
Bb2 d5 9. cxd5 exd5 10. d4 Na6 11. Rc1 Re8 12. Qc2 Bf8 13. Rfd1 Qe7 14.
dxc5 bxc5 15. e3 h6 16. a3 Qe6 17. Rd2 Rad8 18. Ne1 Ne4 19. Nxe4 dxe4 20.
Rxd8 Rxd8 21. Bf1 Bd5 22. Bc4 Bxc4 23. bxc4 Nc7 24. Ng2 Qg4 25. Nf4 Qf3 26.
h4 Rd7 27. Be5 Ne6 28. Nd5 Rb7 29. Rb1 Rxb1+ 30. Qxb1 Qf5 31. Qb8 Kh7 32.
Bd6 Bxd6 33. Qxd6 Qg4 34. Nc3 g5 35. h5 Qf3 36. Qd5 Qxh5 37. Nxe4 Qf3 38.
Nd6 Qf6 39. Kg2 g4 40. Qe4+ Qg6 41. Qe5 Ng5 42. Qxc5 Ne4 43. Nxe4 Qxe4+ 44.
Kg1 Qb1+ 45. Kh2 Qc2 46. e4 Qxe4 47. Qxa7 Qxc4 48. a4 h5 49. Qd7 Kg7 50. a5
h4 51. Qf5 h3 52. Qg5+ Kf8 53. Qd8+ Kg7 54. Qg5+ 1/2-1/2

[Event "21st Open"]
[Site "Reykjavik ISL"]
[Date "2004.03.10"]
[Round "4"]
[White "Ingolfsdottir,H"]
[Black "Bjornsson,T"]
[Result "0-1"]
[WhiteElo "2051"]
[BlackElo "2256"]
[EventDate "2004.03.07"]

1. e4 c5 2. Nf3 e6 3. d4 cxd4 4. Nxd4 a6 5. Nc3 Qc7 6. g3 Nc6 7. Bg2 Nf6 8.
O-O Be7 9. Re1 d6 10. Nxc6 bxc6 11. e5 dxe5 12. Rxe5 O-O 13. Re1 Bb7 14.
Bf4 Qb6 15. Be5 c5 16. Na4 Qa7 17. Bxf6 Bxf6 18. Bxb7 Qxb7 19. Nxc5 Qxb2
20. Rb1 Qd4 21. Nd7 Rfd8 22. Nxf6+ Qxf6 23. Qe2 Qc3 24. Rb3 Qa5 25. c3 h6
26. Reb1 Rac8 27. Rc1 Rc6 28. Rc2 Rdc8 29. h3 Qf5 30. Kg2 Rc4 31. Ra3 a5
32. g4 Qc5 33. Rb3 a4 34. Rb7 Qd5+ 35. Qf3 Qxf3+ 36. Kxf3 Rxc3+ 37. Rxc3
Rxc3+ 38. Kg2 Rc2 39. Rb8+ Kh7 40. h4 Rxa2 41. h5 g6 42. hxg6+ Kxg6 43.
Rg8+ Kf6 44. Rh8 Kg7 45. Ra8 a3 46. Kg3 e5 47. Kf3 f6 48. Kg3 Ra1 49. Kf3
a2 50. Kg2 h5 51. gxh5 Kh6 52. Kf3 Kxh5 53. Kg2 Kg5 54. Kf3 e4+ 55. Kg2 f5
56. Rg8+ Kf4 57. Ra8 Ke5 58. Ra4 f4 59. Ra5+ Kd4 60. Ra4+ Kd3 61. Kh2 f3
62. Ra3+ Ke2 0-1

[Event "21st Open"]
[Site "Reykjavik ISL"]
[Date "2004.03.10"]
[Round "4"]
[White "Miezis,N"]
[Black "Pokorna,Reg"]
[Result "1/2-1/2"]
[WhiteElo "2525"]
[BlackElo "2390"]
[EventDate "2004.03.07"]

1. c4 Nf6 2. Nc3 e5 3. g3 d5 4. cxd5 Nxd5 5. Bg2 Nb6 6. Nf3 Nc6 7. Rb1 a5
8. d3 Be7 9. O-O O-O 10. Be3 Bg4 11. Re1 Qd7 12. Ne4 Nd5 13. Bc5 b6 14.
Bxe7 Ndxe7 15. Rc1 Rad8 16. Ned2 f6 17. Qa4 Nb4 18. Qxd7 Rxd7 19. a3 Na6
20. Nc4 Be6 21. Nfd2 Bd5 22. Bh3 Rdd8 23. Rc2 a4 24. Rec1 Rfe8 25. Ne3 Bf7
26. f3 Kf8 27. Kf2 Nd5 28. Nd1 Nc5 29. Rxc5 bxc5 30. Rxc5 Be6 31. Bxe6 Rxe6
32. Nc4 Nb6 33. Nc3 Nxc4 34. Rxc4 Rd4 35. Rxc7 Rb6 36. Nd1 Rdd6 37. Rc8+
Kf7 38. Ra8 Ra6 39. Rh8 h6 40. Ne3 Re6 41. Nd5 Ra5 42. Rd8 Re8 43. Rd6 Re6
44. Rd8 Re8 45. Rd6 Re6 1/2-1/2

[Event "21st Open"]
[Site "Reykjavik ISL"]
[Date "2004.03.10"]
[Round "4"]
[White "Hagesaether,E"]
[Black "Sigurdsson,J"]
[Result "1-0"]
[WhiteElo "2194"]
[BlackElo "2002"]
[EventDate "2004.03.07"]

1. Nf3 c5 2. g3 Nc6 3. Bg2 g6 4. O-O Bg7 5. d3 e5 6. e4 Nge7 7. c3 O-O 8.
a3 d6 9. b4 h6 10. Nbd2 Be6 11. Nb3 c4 12. dxc4 Bxc4 13. Re1 d5 14. Nfd2
Bxb3 15. Nxb3 d4 16. cxd4 Nxd4 17. Nxd4 exd4 18. Bb2 Qd7 19. e5 Rfd8 20.
Qd3 Rac8 21. Rad1 b6 22. Re4 Nc6 23. f4 Qe6 24. b5 Na5 25. Rxd4 Rxd4 26.
Bxd4 Qa2 27. Be3 Rc2 28. Bd5 Nc4 29. Rc1 Qxa3 30. Qxc2 Nxe3 31. Qc8+ Bf8
32. Bf3 Nf5 33. Rc3 Qa1+ 34. Kg2 Qe1 35. Rc1 Ne3+ 36. Kh3 Qf2 37. Be4 g5
38. fxg5 hxg5 39. Rc2 g4+ 40. Kh4 Qf1 41. Rc6 Qh3+ 42. Kg5 Qxh2 43. Qe8 Qd2
44. Bh7+ 1-0

[Event "21st Open"]
[Site "Reykjavik ISL"]
[Date "2004.03.10"]
[Round "4"]
[White "Krush,I"]
[Black "Thorsteinsson,T"]
[Result "1-0"]
[WhiteElo "2465"]
[BlackElo "2278"]
[EventDate "2004.03.07"]

1. d4 Nf6 2. c4 e6 3. Nc3 Bb4 4. Qc2 Nc6 5. Nf3 d6 6. Bd2 O-O 7. a3 Bxc3 8.
Bxc3 Re8 9. e3 a5 10. b3 e5 11. d5 Ne7 12. Nd2 c5 13. Be2 Bd7 14. O-O Ng6
15. Rae1 Qe7 16. Qb1 b5 17. Bd3 b4 18. axb4 axb4 19. Bb2 Ng4 20. h3 Nh6 21.
Bxg6 hxg6 22. Nf3 g5 23. e4 g4 24. hxg4 Bxg4 25. Nh2 Bh5 26. f4 exf4 27. e5
Qh4 28. exd6 f3 29. d7 Re2 30. Nxf3 Bxf3 31. Rxe2 Bxe2 32. Qe1 Qe4 33. Rf2
Bf3 34. Qc1 Bh5 35. Qg5 Bg6 36. d8=Q+ Rxd8 37. Qxd8+ Kh7 38. Qg5 Qb1+ 39.
Kh2 Qe4 40. Rf4 Qe2 41. Qe5 Qxe5 42. Bxe5 Bc2 43. d6 f6 44. d7 Nf7 45. Bd6
Bxb3 46. Bxc5 Ba4 47. Rd4 1-0

[Event "21st Open"]
[Site "Reykjavik ISL"]
[Date "2004.03.10"]
[Round "4"]
[White "Sutovsky,E"]
[Black "Thorhallsson,T"]
[Result "1-0"]
[WhiteElo "2666"]
[BlackElo "2459"]
[EventDate "2004.03.07"]

1. e4 e6 2. d4 d5 3. Nc3 Nf6 4. Bg5 Be7 5. e5 Nfd7 6. Bxe7 Qxe7 7. f4 a6 8.
Nf3 c5 9. dxc5 Nc6 10. Bd3 Qxc5 11. Qd2 b5 12. O-O-O b4 13. Na4 Qa5 14. b3
Nc5 15. Nxc5 Qxc5 16. g4 a5 17. f5 a4 18. Kb1 Bd7 19. Rhf1 h6 20. fxe6 Bxe6
21. g5 hxg5 22. Nxg5 Rh6 23. Bf5 Ne7 24. Bxe6 fxe6 25. Ne4 Qa5 26. Nd6+ Kd7
27. Rf7 Rh5 28. Rdf1 axb3 29. cxb3 Qa6 30. Qc2 Qb6 31. Qe2 Qa6 32. Qc2 Qb6
33. Rxe7+ Kxe7 34. Rf7+ Kd8 35. Rxg7 Rb8 36. Qg6 1-0